000 nam a22 7a 4500
999 _c9514
_d9514
008 180201b ||||| |||| 00| 0 eng d
100 _aMalik, S
_95103
245 _aTogether with exploring computer - I
260 _aNew Delhi
_bRachna Sagar Publication
_c2008